Gaming Quiz

Random Gaming Quiz

Clash Royale Cards Quiz Stats

 Plays Quiz not verified by Sporcle

Challenge
Share
Tweet
Embed
Score 0/58 Timer 10:00
0 Plays Today
Hint Answer % Correct
EpicPrince
85.6%
EpicDark Prince
85.6%
CommonArchers
82.6%
CommonSpear Goblin
82%
CommonGoblin
82%
CommonRoyal Giant
81.4%
RareGiant
80.8%
EpicGiant Skeleton
79%
CommonKnight
76%
LengendaryIce Wizard
75.4%
LengendaryPrincess
74.9%
CommonBarbarians
72.5%
LengendarySparky
72.5%
CommonBomber
71.9%
EpicWitch
71.9%
CommonArrows
71.3%
LengendaryLava Hound
71.3%
LengendaryMiner
70.7%
RareIce Golem
70.6%
RareMini P.E.K.K.A
70.1%
RareMega Minion
69.6%
LegendaryLumberjack
68.6%
EpicP.E.K.K.A
68.3%
RareWizard
67.7%
EpicGolem
67.1%
RareFireball
66.5%
EpicBaby Dragon
66.5%
CommonMinion Horde
65.3%
CommonZap
65.3%
Hint Answer % Correct
EpicSkeleton Army
65.3%
RareGoblin Hut
60.5%
CommonSkeletons
59.9%
RareBarbarian Hut
59.9%
CommonCannon
59.3%
RareMusketeer
59.3%
EpicRage
59.3%
EpicFreeze
59.3%
RareHog Rider
58.7%
RareInferno Tower
57.5%
EpicLightning
57.5%
RareFurnace
56.9%
CommonMinions
55.7%
EpicPoison
55.7%
CommonTesla
53.9%
CommonMortar
53.9%
RareTombstone
53.9%
EpicGuards
53.9%
EpicGoblin Barrel
52.7%
EpicBalloon
52.7%
EpicX-Bow
52.7%
RareRocket
52.1%
RareThree Musketeers
52.1%
RareBomb Tower
51.5%
EpicMirror
49.1%
RareValkyrie
48.5%
40.2%
CommonFire Spirits
40.1%
RareElixir Collector
33.5%

You're not logged in!

Compare scores with friends on all Sporcle quizzes.
OR
Log In

You Might Also Like...

Show Comments

Extras

Created May 12, 2016ReportNominate
Tags:clash, royale

Top Quizzes Today


Score Distribution

Your Account Isn't Verified!

In order to create a playlist on Sporcle, you need to verify the email address you used during registration. Go to your Sporcle Settings to finish the process.

Report this User

Report this user for behavior that violates our Community Guidelines.

Details: